| 000 | 00520nam a22001697a 4500 | ||
|---|---|---|---|
| 003 | BD-DhUL | ||
| 005 | 20201208122115.0 | ||
| 008 | 181125s1952 ii ||||| |||| 00| 0 urd d | ||
| 040 |
_aBD-DhUL _cBD-DhUL |
||
| 082 |
_a891.431 _bANL |
||
| 100 | 0 | _aانجم عظمی | |
| 245 | 1 | 0 |
_aلبورخسار : _cانجم عظمی _bمحبت کن نظمیں / |
| 260 |
_aدھلی : _bمحبوب المطابعبرقی پریس، _c۱۹۵۲۔ |
||
| 300 |
_aص۔ ۱۱۲ ؛ _c۱۷ سم۔ |
||
| 650 | 4 | _aUrdu poetry | |
| 942 |
_2ddc _cBK |
||
| 999 |
_c244795 _d244795 |
||